[Event "Foment Martinenc op-B 17th"]
[Site "Barcelona"]
[Date "2015.05.23"]
[Round "5"]
[White "Rey Plaza, Sergio"]
[Black "Gonzalez Martin, Fernando"]
[Result "1-0"]
[WhiteElo "1872"]
[BlackElo "1965"]
[PlyCount "111"]
[EventDate "2015.04.25"]
[EventType "swiss"]
[EventRounds "9"]
[EventCountry "ESP"]
[SourceTitle "EXT 2017"]
[Source "ChessBase"]
[SourceDate "2016.10.25"]
[SourceVersion "1"]
[SourceVersionDate "2016.10.25"]
[SourceQuality "1"]

1. e4 e5 2. Nf3 Nc6 3. d4 exd4 4. Nxd4 Nf6 5. Nxc6 bxc6 6. e5 Nd5 7. c4 Nb6 8. g3 Bb4+ 9. Bd2 Qe7 10. Qe2 d5 11. exd6 Qxe2+ 12. Bxe2 Bxd6 13. Bf3 0-0 14. Bxc6 Rb8 15. b3 Bh3 16. Nc3 Nd7 17. Bxd7 Bxd7 18. 0-0-0 Ba3+ 19. Kb1 Bf5+ 20. Ka1 a6 21. Bc1 Bc5 22. Rd5 Bb4 23. Rxf5 Bxc3+ 24. Bb2 Bxb2+ 25. Kxb2 Rfe8 26. Rd1 Re2+ 27. Ka3 g6 28. Rf4 c5 29. Rb1 Rd8 30. Rb2 Rdd2 31. Rxd2 Rxd2 32. g4 h6 33. h4 Kg7 34. g5 h5 35. Rf6 Rd4 36. f4 Kf8 37. Ka4 Rd2 38. a3 Rh2 39. f5 gxf5 40. Rxf5 Ke7 41. Rf4 Rg2 42. Rf6 Rg4 43. Rxa6 Rxh4 44. Rh6 Rh1 45. Kb5 h4 46. Kxc5 Kf8 47. a4 Kg7 48. a5 h3 49. a6 f5 50. a7 Ra1 51. Rxh3 Rxa7 52. Rh6 f4 53. Rf6 Rf7 54. Rxf7+ Kxf7 55. Kd4 Kg6 56. Ke4 1-0

[Event "Foment Martinenc op-B 17th"]
[Site "Barcelona"]
[Date "2015.05.09"]
[Round "3"]
[White "Rey Plaza, Sergio"]
[Black "Riu Lopez, Sergio"]
[Result "1-0"]
[WhiteElo "1872"]
[BlackElo "2023"]
[PlyCount "109"]
[EventDate "2015.04.25"]
[EventType "swiss"]
[EventRounds "9"]
[EventCountry "ESP"]
[SourceTitle "EXT 2017"]
[Source "ChessBase"]
[SourceDate "2016.10.25"]
[SourceVersion "1"]
[SourceVersionDate "2016.10.25"]
[SourceQuality "1"]

1. e4 e5 2. Nf3 Nc6 3. d4 exd4 4. Nxd4 Qh4 5. Nb5 Qxe4+ 6. Be2 Bb4+ 7. Bd2 Bd6 8. 0-0 Qe5 9. g3 Nge7 10. Bc3 Qg5 11. Nxd6+ cxd6 12. Qxd6 0-0 13. Nd2 Nf5 14. Qd3 d5 15. Nf3 Qe7 16. Rfe1 Be6 17. Nd4 Nfxd4 18. Bxd4 Nxd4 19. Qxd4 Rac8 20. c3 a6 21. Bf3 Rc4 22. Qd2 Qd7 23. Rad1 Rd8 24. Bxd5 Rc5 25. c4 h6 26. Qb4 Qc7 27. Bxe6 Rxd1 28. Bxf7+ Kxf7 29. Rxd1 Rxc4 30. Qb3 Kf8 31. Qf3+ Kg8 32. Qd5+ Kh7 33. Qf5+ Kg8 34. Rd7 Rc1+ 35. Kg2 Qc6+ 36. Kh3 Qf6 37. Qxf6 gxf6 38. Rxb7 Rc2 39. Kg2 a5 40. a4 Rc4 41. b3 Rc5 42. Rb5 Rc3 43. Rxa5 Rxb3 44. Ra7 Ra3 45. f4 Ra2+ 46. Kh3 h5 47. a5 Kf8 48. a6 Kg8 49. g4 hxg4+ 50. Kxg4 Rxh2 51. Rb7 Rg2+ 52. Kf5 Ra2 53. a7 Ra5+ 54. Kg6 Kf8 55. Rb8+ 1-0

[Event "Foment Martinenc op-B 17th"]
[Site "Barcelona"]
[Date "2015.04.25"]
[Round "1"]
[White "Rey Plaza, Sergio"]
[Black "Llados Clos, Jaume"]
[Result "1/2-1/2"]
[WhiteElo "1872"]
[BlackElo "1984"]
[PlyCount "60"]
[EventDate "2015.04.25"]
[EventType "swiss"]
[EventRounds "9"]
[EventCountry "ESP"]
[SourceTitle "EXT 2017"]
[Source "ChessBase"]
[SourceDate "2016.10.25"]
[SourceVersion "1"]
[SourceVersionDate "2016.10.25"]
[SourceQuality "1"]

1. e4 Nf6 2. e5 Nd5 3. c4 Nb6 4. c5 Nd5 5. Nc3 e6 6. Nxd5 exd5 7. d4 d6 8. Be3 dxc5 9. dxc5 c6 10. Nf3 Bxc5 11. Bxc5 Qa5+ 12. b4 Qa3 13. Qb3 Qxb3 14. axb3 Bg4 15. Rxa7 Rxa7 16. Bxa7 Nd7 17. Bd4 0-0 18. Bd3 Re8 19. Kd2 Nf8 20. Ra1 Ne6 21. Bc5 Bxf3 22. gxf3 g6 23. Ke3 f6 24. f4 f5 25. h4 Rd8 26. Bd6 b5 27. Ra7 Re8 28. Re7 Rxe7 29. Bxe7 Kf7 30. Bc5 h5 1/2-1/2

[Event "Barcelona Sant Marti op-B 16th"]
[Site "Barcelona"]
[Date "2014.07.16"]
[Round "4"]
[White "Rey Plaza, Sergio"]
[Black "Ferres Saez, Joan"]
[Result "0-1"]
[WhiteElo "1831"]
[BlackElo "1965"]
[PlyCount "118"]
[EventDate "2014.07.13"]
[EventType "swiss"]
[EventRounds "9"]
[EventCountry "ESP"]
[SourceTitle "CBM 161 Extra"]
[Source "ChessBase"]
[SourceDate "2014.08.29"]
[SourceVersion "1"]
[SourceVersionDate "2014.08.29"]
[SourceQuality "1"]

1. e4 g6 2. Nc3 Bg7 3. d3 d6 4. g3 Nf6 5. Bg2 c5 6. Be3 0-0 7. Nf3 Nc6 8. Rb1 Ng4 9. 0-0 Nxe3 10. fxe3 Bd7 11. Ne2 Rc8 12. c3 Bh6 13. Qd2 a5 14. Nf4 Ne5 15. Nxe5 dxe5 16. Nd5 b5 17. Qf2 f5 18. g4 e6 19. gxf5 exd5 20. Qg3 Qf6 21. exd5 Bg7 22. Bh3 gxf5 23. Bxf5 Bxf5 24. e4 Qg6 25. exf5 Rxf5 26. Qxg6 hxg6 27. Kg2 Rcf8 28. h3 Kh7 29. Rxf5 gxf5 30. Kf3 Bh6 31. a4 b4 32. c4 Rg8 33. Rd1 Kg7 34. h4 Kf6 35. h5 Rg5 36. Rh1 Rg4 37. b3 Rd4 38. Ke2 Kg5 39. Rf1 Rh4 40. Rd1 Kxh5 41. Rg1 Rg4 42. Rh1+ Kg6 43. d6 Rd4 44. Rg1+ Bg5 45. Rh1 Rxd6 46. Rh8 Rd8 47. Rh1 e4 48. dxe4 fxe4 49. Rh3 Kf5 50. Rh7 Rd3 51. Rc7 Be3 52. Ra7 Rxb3 53. Rxa5 Rc3 54. Rb5 Ra3 55. a5 Ke5 56. a6 Bd4 57. Rb6 b3 58. a7 Rxa7 59. Rxb3 Ra4 0-1

[Event "Barcelona Torxa op 4th"]
[Site "Barcelona"]
[Date "2011.09.08"]
[Round "6.10"]
[White "Rey Plaza, Sergio"]
[Black "Sole Pijuan, Ferran"]
[Result "1/2-1/2"]
[WhiteElo "1758"]
[BlackElo "1860"]
[PlyCount "115"]
[EventDate "2011.09.01"]
[EventType "swiss"]
[EventRounds "7"]
[EventCountry "ESP"]
[SourceTitle "EXT 2024"]
[Source "ChessBase"]
[SourceDate "2023.10.10"]
[SourceVersion "1"]
[SourceVersionDate "2023.10.10"]
[SourceQuality "1"]

1. e4 e5 2. Nf3 Nc6 3. Bc4 Bc5 4. b4 Bxb4 5. c3 Bc5 6. d4 exd4 7. 0-0 Nge7 8. cxd4 Bb4 9. Qb3 Ba5 10. Bxf7+ Kf8 11. Bh5 d5 12. exd5 Qxd5 13. Qxd5 Nxd5 14. Ba3+ Bb4 15. h3 g6 16. Bg4 Bxg4 17. hxg4 Bxa3 18. Nxa3 Kg7 19. Nc4 Ncb4 20. Rab1 b6 21. a3 Nc6 22. Nce5 Nde7 23. Nxc6 Nxc6 24. Rbc1 Nd8 25. Rxc7+ Nf7 26. d5 Rhc8 27. d6 Kg8 28. Rxc8+ Rxc8 29. d7 Rd8 30. Rd1 Kf8 31. Kf1 Ke7 32. Nd4 Ne5 33. f4 Rf8 34. Re1 Kxd7 35. Rxe5 Rxf4+ 36. Nf3 Rxg4 37. Rd5+ Kc6 38. Rd8 Ra4 39. Rh8 Rxa3 40. Rxh7 b5 41. Ne5+ Kb6 42. Nxg6 Ra1+ 43. Kf2 Ra2+ 44. Kg1 b4 45. Ne5 b3 46. Nd3 b2 47. Nxb2 Rxb2 48. g4 a5 49. g5 Rb5 50. Rh6+ Kb7 51. g6 Rg5+ 52. Kh2 Kc8 53. Rh8+ Kc7 54. Rh7+ Kc6 55. g7 a4 56. Kh3 a3 57. Kh4 a2 58. g8Q 1/2-1/2